Oldest NBA Player on Each Team (2020) - Statistics

General Stats
  • This quiz has been taken 141 times
  • The average score is 13 of 30
Answer Stats
Team Name Age % Correct
Hawks Vince Carter 43
95%
Lakers LeBron James 35
87%
Heat Udonis Haslem 39
80%
Thunder Chris Paul 34
67%
Raptors Marc Gasol 35
66%
Warriors Stephen Curry 31
66%
Spurs LaMarcus Aldridge 34
56%
Trail Blazers Carmelo Anthony 35
51%
Cavaliers Kevin Love 31
51%
Nuggets Paul Millsap 35
48%
76ers Al Horford 33
45%
Bucks Kyle Korver 38
45%
Clippers Lou Williams 33
45%
Hornets Marvin Williams 33
45%
Pistons Derrick Rose 31
44%
Pelicans J.J. Redick 35
41%
Grizzlies Andre Iguodala 36
37%
Mavericks J.J. Barea 35
35%
Knicks Taj Gibson 34
32%
Magic D.J. Augustin 32
29%
Jazz Joe Ingles 32
29%
Rockets Nenê 37
28%
Bulls Thaddeus Young 31
26%
Pacers Justin Holiday 30
23%
Timberwolves Gorgui Dieng 30
20%
Celtics Brad Wanamaker 30
18%
Suns Aron Baynes 33
16%
Kings Anthony Tolliver 34
14%
Wizards Ian Mahinmi 33
12%
Nets Garrett Temple 33
10%
No matching quizzes found
Score Distribution
Percent of People with Each Score
Percentile by Number Answered
Your Score History
You have not taken this quiz